LIBRARY & INFORMATION CENTRE, KCAET, TAVANUR

ONLINE PUBLIC ACCESS CATALOGUE (OPAC)

Interactice 3D computer graphics / (Record no. 7376)

MARC details
000 -LEADER
fixed length control field 00430cam a2200169ua 4500
020 ## - INTERNATIONAL STANDARD BOOK NUMBER
ISBN 0-471-92014-2
041 ## - LANGUAGE CODE
Language code of text/sound track or separate title eng
082 ## - DEWEY DECIMAL CLASSIFICATION NUMBER
Classification number 006.6
Item number AMM/IN
100 ## - MAIN ENTRY--AUTHOR NAME
Personal name Ammeraal, Leendert .
245 ## - TITLE STATEMENT
Title Interactice 3D computer graphics /
250 ## - EDITION STATEMENT
Edition statement 1 /
260 ## - PUBLICATION, DISTRIBUTION, ETC. (IMPRINT)
Place of publication London :
Name of publisher John Wiley & Sons ,
Year of publication 1988.
300 ## - PHYSICAL DESCRIPTION
Number of Pages 254 ; .
942 ## - ADDED ENTRY ELEMENTS (KOHA)
Koha item type Books
Holdings
Withdrawn status Lost status Damaged status Home library Current library Date acquired Full call number Accession Number Koha item type
      KAUAET KAUAET 07/04/2012 006.6 17753 Books
free website counter